Václac Mika, generálny riaditeľ SLOVAKIA TRAVEL: Vďaka korone sme sa naučili veľa IMPROVIZOVAŤ

Hodnotenie fungovania Slovakia Travel v prvom roku podľa Václava Miku a aktuálne plány cestovnej agentúry.

Gespeichert in:
Bibliographische Detailangaben
1. Verfasser: Kramárová, Zlatica
Format: Buchkapitel
Sprache:Slowakisch
Schlagworte:
Tags: Tag hinzufügen
Keine Tags, Fügen Sie das erste Tag hinzu!

MARC

LEADER 00000naa a2200000 4500
001 0283310
005 20240417075202.6
041 0 |a slo 
044 |a SK 
245 1 0 |a Václac Mika, generálny riaditeľ SLOVAKIA TRAVEL: Vďaka korone sme sa naučili veľa IMPROVIZOVAŤ  |c Zlatica Kramárová 
520 |a Hodnotenie fungovania Slovakia Travel v prvom roku podľa Václava Miku a aktuálne plány cestovnej agentúry. 
610 2 0 |a agentúry cestovné 
610 2 0 |a plán 
610 2 0 |a Slovensko 
610 2 0 |a kúpeľníctvo 
610 2 0 |a výstavy 
100 1 |a Kramárová, Zlatica